000 01365nam a2200397 a 4500
001 vtls001998482
003 NLI
005 20220609080808.0
008 180514s2017 cauba g bi 001 0 eng d
020 _a978 0520293014 ( pbk )
_c$ 34.95
020 _a9789386552860 (cop.2)
_cRs. 1195.00(cop.2)
039 9 _a201805221606
_bkrishanuc
_c201805141814
_dgoutamg
040 _aNLI
_beng
_cEnglish Processing Division
041 0 _aeng
044 _acau
082 0 4 _aE 294.50954
_223
_bF 532
100 1 _aFisher, Elaine M.
_91332827
245 1 0 _aHindu pluralism :
_breligion and the public sphere in modern South India /
_cElaine M. Fisher
260 _aOakland, Calif :
_bUniversity of California Press,
_c2017
260 _aNew Delhi :
_bPrimus Books (cop.2)
_c2018
300 _axi, 285 p.:
_bcol.ill., maps ;
_c23 cm.
440 0 _aSouth Asia across the disciplines
_9855480
504 _aIncludes bibliographical references and index
650 0 _aHinduism
_zIndia, South
_91336516
650 0 _aReligious pluralism
_zIndia, South
_91336517
651 0 _aIndia, South
_xReligion
_9785545
887 _aGoutam Goswami krishanu
887 _aPallab Paul
901 _a577358 :
_b04.01.2018
902 _aE 294.50954 F 532
904 _aGoutam Goswami
905 _akrishanu
942 _2ddc
_cBKS
949 _6PUR000577358ENG
999 _c1419086
_d1419086